Statistics for Characters from People Just Do Nothing

Click here to take the quiz!

General Stats

  • This quiz has been taken 41 times
    (21 since last reset)
  • The average score is 9 of 14

Answer Stats

Answer% Correct
MC Grindah
100%
Beats
93%
Chabuddy G
93%
Decoy
93%
DJ Steves
93%
Miche
93%
Roché
73%
Angel
67%
Craig
60%
DJ Fantasy
60%
Miche's Mum (Carol)
40%
Nan (Steve's)
33%
Aldona
27%
Tanya
13%

Score Distribution

Percentile by Number Answered

Percent of People with Each Score

Your Score History

You have not taken this quiz since the last reset